000 00549nam a2200169 4500
001 123054
003 ES-MaACL
005 20230906192112.0
007 t|
008 070214s1925 sp r ||||0| spa d
100 1 _aPyle, William Henri.
_994461
245 1 0 _aPsicología del aprendizaje intelectual y manual /
_cWilliam Henri Pyle ; traducción de Teodosio Leal Quiroga.
260 _aMadrid :
_b[s.n.],
_c1925 (
_fImp. de Juan Pueyo)
300 _aXIV, 368 p ;
_c19 cm.
700 1 _aLeal Quiroga, Teodosio.
_970980
852 _aES-MaACL
_jF-5299
999 _c123054
_d123054